000 00644nam a22002177a 4500
003 UA-OsUOA
001 45691
007 ta
008 20070508b un ||||| |||| 00| 0 ukr d
100 _aФещенко Н.М.
090 _a330
_bФ-11
942 _cSA
040 _aUA-OsUOA
_bukr
_cUA-OsUOA
_dUA-OsUOA
245 _aВексельний обіг в Україні. Проблеми та шляхи їх вирішення
300 _aС.22-29
955 _a0
041 _aukr
080 _a330
773 0 _w45690
_tЕкономіка. Фінанси. Право.
_dК.
_d2007
_g3
650 7 _a330 Економіка взагалі
_2UDC
999 _c331791
_d331791